书目信息 |
| 题名: |
泄密的心
|
|
| 作者: | 坡 著 ;张秀丽 , 祝春艳 撰 | |
| 分册: | ||
| 出版信息: | 上海 华东理工大学出版社 2010.10 |
|
| 页数: | 299页, [2] 页图版 | |
| 开本: | 24cm | |
| 丛书名: | 美国名家短篇小说评注丛书 | |
| 单 册: | ||
| 中图分类: | H319.4:I | |
| 科图分类: | ||
| 主题词: | 英语--ying yu--汉语--对照读物 , 短篇小说--duan pian xiao shuo--美国--近代--选集 | |
| 电子资源: | ||
| ISBN: | 978-7-5628-2853-2 | |
| 000 | 01336nam 2200313 450 | |
| 001 | 012011222308 | |
| 005 | 20110428085805.59 | |
| 010 | @a978-7-5628-2853-2@dCNY36.00 | |
| 100 | @a20110428d2010 em y0chiy0120 ea | |
| 101 | 2 | @achi@aeng@ceng |
| 102 | @aCN@b310000 | |
| 105 | @aaf z 000ay | |
| 106 | @ar | |
| 200 | 1 | @a泄密的心@Axie mi de xin@e爱伦·坡短篇小说@d= The tell-tale heart@eselected short stories of Edger Allan Poe@e评注本@f张秀丽, 祝春艳等撰@Fzhang xiu li,zhu chun yan deng zhuan@zeng |
| 210 | @a上海@c华东理工大学出版社@d2010.10 | |
| 215 | @a299页, [2] 页图版@c图@d24cm | |
| 225 | 2 | @a美国名家短篇小说评注丛书@Amei guo ming jia duan pian xiao shuo ping zhu cong shu |
| 330 | @a本书收录了《幽会》、《死荫》、《丽姬娅》、《人群中的人》、《黑猫》、《过早埋葬》、《瓶中手稿》等短篇小说作品。 | |
| 410 | 0 | @12001 @a美国名家短篇小说评注丛书 |
| 510 | 1 | @aTell-tale heart@eselected short stories of Edger Allan Poe@zeng |
| 517 | 1 | @a爱伦·坡短篇小说@Aai lun·po duan pian xiao shuo |
| 606 | 0 | @a英语@Aying yu@x汉语@j对照读物 |
| 606 | 0 | @a短篇小说@Aduan pian xiao shuo@y美国@z近代@j选集 |
| 690 | @aH319.4:I@v4 | |
| 701 | 1 | @a坡@Apo@g(Poe, Edger Allan)@4著 |
| 702 | 0 | @a张秀丽@Azhang xiu li@4撰 |
| 702 | 0 | @a祝春艳@Azhu chun yan@4撰 |
| 801 | 0 | @aCN@bQSSK@c20110428 |
| 905 | @b793143-45@dH319.4:I@eP764@f3 | |
| 泄密的心:爱伦·坡短篇小说= The tell-tale heart:selected short stories of Edger Allan Poe:评注本/张秀丽, 祝春艳等撰.-上海:华东理工大学出版社,2010.10 |
| 299页, [2] 页图版:图;24cm.-(美国名家短篇小说评注丛书) |
| ISBN 978-7-5628-2853-2:CNY36.00 |
| 本书收录了《幽会》、《死荫》、《丽姬娅》、《人群中的人》、《黑猫》、《过早埋葬》、《瓶中手稿》等短篇小说作品。 |
| ● |
| 相关链接 |
|
|
|
正题名:泄密的心
索取号:H319.4:I/P764
 
预约/预借
| 序号 | 登录号 | 条形码 | 馆藏地/架位号 | 状态 | 备注 |
| 1 | 793143 | 207931434 | 语言库209/209语言库 54排7列3层/ [索取号:H319.4:I/P764] | 在馆 | |
| 2 | 793144 | 207931443 | 语言库209/209语言库 54排7列3层/ [索取号:H319.4:I/P764] | 在馆 | |
| 3 | 793145 | 207931452 | 语言库209/209语言库 54排7列3层/ [索取号:H319.4:I/P764] | 在馆 |